Africa: Geography and more by Letter A - Statistics

General Stats
  • This quiz has been taken 222 times
    201 since last reset
  • The average score is 11 of 20
Answer Stats
Hint Answer % Correct
Two Countries beginning with A Algeria
98%
Angola
96%
In which City stood one of the Wonders of the ancient World Alexandria (Lighthouse)
88%
African language with German and Dutch Roots Afrikaans
87%
Capital in North-Africa Algiers
87%
Two Capitals in East-Africa Addis Ababa
77%
Mountain Range Atlas
75%
Abuja
74%
Two Capitals in West-Africa Accra
71%
Which dam you will find in the course of the river Nile Aswan High Dam
71%
On which tectonic plate is this continent lying African Plate
54%
Major city in Westafrica Abidjan
48%
General Secretary of the United Nations from 1997-2006 Kofi Annan
42%
Antananarivo
39%
Desert in East Egypt Arabian Desert
36%
Lake in Uganda Albertlake
33%
One of the Languages in Ethiopia Amharic
32%
Well-known City in Morocco Agadir
23%
City in Egypt, where you will find a world-famous Temple-complex Abu Simbel
16%
Smaller Part of this Mountain Range Anti-Atlas
4%
No matching quizzes found
Score Distribution
Percent of People with Each Score
Percentile by Number Answered
Your Score History
You have not taken this quiz since the last reset